[Event "29.Schlosspark-Open"]
[Site "Wiesbaden-Biebrich"]
[Date "2017.08.25"]
[Round "2.26"]
[White "Puschendorf, Steffen"]
[Black "Schmidt, Volker"]
[Result "1-0"]
[WhiteElo "2115"]
[BlackElo "1917"]
[PlyCount "103"]
[EventDate "2017.??.??"]
[WhiteTeam "ESV Gera"]
[BlackTeam "TuS Dotzheim"]

1. d4 Nf6 2. c4 g6 3. f3 Bg7 4. e4 d6 5. Ne2 O-O 6. Be3 e5 7. Nbc3 exd4 8. Nxd4
Nc6 9. Be2 Ne5 10. O-O h5 11. Qd2 Kh7 12. h3 Qe8 13. Rac1 Bd7 14. Ndb5 Qc8 15.
f4 Nc6 16. Bf3 Re8 17. Rce1 a6 18. Nd4 Qd8 19. Bf2 Qc8 20. Nxc6 Bxc6 21. Bh4
Qe6 22. Nd5 Rac8 23. e5 Ng8 24. f5 gxf5 25. Nf6+ Kh8 26. Bxc6 bxc6 27. Nxe8
Bxe5 28. Qg5 Rxe8 29. b3 Nh6 30. Qxh5 Qg6 31. Qf3 Rg8 32. Re2 c5 33. Be1 Qf6
34. Bd2 Rg6 35. Bxh6 Rxh6 36. Qxf5 Bd4+ 37. Kh1 Qxf5 38. Rxf5 Kg7 39. Re7 Bf6
40. Rxc7 Kg6 41. Rf3 Rh7 42. Ra7 Be5 43. g4 a5 44. Kg2 f6 45. Rxh7 Kxh7 46. Rf5
Kg6 47. Kf3 Kg7 48. Ke4 Kg6 49. Kd5 Kf7 50. Rh5 Kg7 51. Ke6 Kg8 52. g5 1-0

[Event "29.Schlosspark-Open"]
[Site "Wiesbaden-Biebrich"]
[Date "2017.08.25"]
[Round "2.27"]
[White "Thomele, Michael"]
[Black "Goloborodko, Dimitri"]
[Result "0-1"]
[WhiteElo "1908"]
[BlackElo "2114"]
[PlyCount "72"]
[EventDate "2017.??.??"]
[WhiteTeam "SC Obernau"]
[BlackTeam "SG Idstein"]

1. e4 e6 2. d4 d5 3. Nd2 Nf6 4. exd5 exd5 5. Ngf3 Bf5 6. Be2 Bd6 7. O-O Nc6 8.
a3 O-O 9. c4 dxc4 10. Nxc4 Re8 11. Be3 Nd5 12. Qd2 Nce7 13. Rfe1 Ng6 14. Rac1
c6 15. Nxd6 Qxd6 16. b4 a6 17. h3 Re7 18. Bc4 Rae8 19. Bxd5 Qxd5 20. Rc5 Qd7
21. d5 Be4 22. dxc6 Bxc6 23. Qxd7 Rxd7 24. Nh2 Rd3 25. Ra1 Red8 26. Rcc1 Nh4
27. g3 Nf5 28. Bc5 Nxg3 29. fxg3 Rxg3+ 30. Kf1 Rxh3 31. Bg1 Rd2 32. Rd1 Bb5+
33. Ke1 Re2+ 34. Kf1 Rexh2+ 35. Ke1 Re2+ 36. Kf1 Rf3+ 0-1

[Event "29.Schlosspark-Open"]
[Site "Wiesbaden-Biebrich"]
[Date "2017.08.25"]
[Round "2.28"]
[White "Kregelin, Jan"]
[Black "Kleehammer, Otto"]
[Result "1-0"]
[WhiteElo "2112"]
[BlackElo "1911"]
[PlyCount "89"]
[EventDate "2017.??.??"]
[WhiteTeam "FVS ASP Hoyerswerda"]
[BlackTeam "vereinslos"]

1. d4 c5 2. d5 Nf6 3. c4 b5 4. cxb5 a6 5. f3 e6 6. e4 axb5 7. Bxb5 g6 8. Nc3
Bb7 9. Bg5 h6 10. Bh4 g5 11. Bf2 exd5 12. exd5 Bd6 13. Nge2 O-O 14. O-O Na6 15.
Ng3 Bxg3 16. Bxg3 d6 17. Bc4 Nh5 18. f4 Nxg3 19. hxg3 f5 20. Qh5 Qf6 21. Rae1
Nc7 22. fxg5 hxg5 23. g4 Qd4+ 24. Kh2 Rf7 25. Qxg5+ Rg7 26. Qf4 Rxg4 27. Qxd4
cxd4 28. Nd1 Rf8 29. Re7 Rf7 30. Rxf7 Kxf7 31. Rxf5+ Ke7 32. Nf2 Rg7 33. Rf4
Nxd5 34. Rxd4 Nf6 35. g4 d5 36. Bd3 Kd6 37. Bf5 Ke5 38. Rb4 Ne4 39. Nd3+ Kf6
40. Rb6+ Kg5 41. a4 Nd2 42. Nc5 Re7 43. Rxb7 Re2+ 44. Kg3 Re3+ 45. Kf2 1-0

[Event "29.Schlosspark-Open"]
[Site "Wiesbaden-Biebrich"]
[Date "2017.08.25"]
[Round "2.29"]
[White "Rowland, Anthony"]
[Black "Weidel, Albrecht"]
[Result "0-1"]
[WhiteElo "1904"]
[BlackElo "2108"]
[PlyCount "44"]
[EventDate "2017.??.??"]
[WhiteTeam "SC Taunusstein"]
[BlackTeam "SF Ravensburg"]

1. c4 e5 2. Nc3 c5 3. g3 Nc6 4. Bg2 d6 5. Nf3 g6 6. d3 Bg7 7. e4 Nge7 8. Bg5 f6
9. Be3 O-O 10. O-O Nd4 11. Bxd4 cxd4 12. Nd5 Bh6 13. Nd2 Rb8 14. b3 Bd7 15. Rc1
f5 16. Rc2 Rf7 17. Bh3 f4 18. Bg2 Rc8 19. Qe2 Qa5 20. g4 Nxd5 21. exd5 f3 22.
Bxf3 Bxd2 0-1

[Event "29.Schlosspark-Open"]
[Site "Wiesbaden-Biebrich"]
[Date "2017.08.25"]
[Round "2.30"]
[White "Flach, Erich"]
[Black "Wüst, Michael"]
[Result "1-0"]
[WhiteElo "2105"]
[BlackElo "1907"]
[PlyCount "85"]
[EventDate "2017.??.??"]
[WhiteTeam "SK Langen"]
[BlackTeam "PTSV SK Hof"]

1. c4 e6 2. Nc3 f5 3. g3 Nf6 4. Bg2 d5 5. e3 c6 6. Nf3 Bd6 7. O-O O-O 8. b3
Nbd7 9. cxd5 exd5 10. d3 Qe7 11. Qc2 Ne5 12. Nxe5 Bxe5 13. Bb2 Bd7 14. Rac1
Rae8 15. Ne2 Bxb2 16. Qxb2 Ng4 17. Qd4 Qg5 18. h3 Nf6 19. Rc2 b6 20. b4 Qh6 21.
a4 g5 22. f4 Qg7 23. Kf2 Re7 24. fxg5 Qxg5 25. Qf4 h6 26. Qxg5+ hxg5 27. Nd4
Rfe8 28. Re2 c5 29. bxc5 bxc5 30. Nb5 Bxb5 31. axb5 d4 32. Rfe1 Rxe3 33. Rxe3
Rxe3 34. Rxe3 dxe3+ 35. Kxe3 Nh5 36. h4 Nxg3 37. hxg5 Nh5 38. Bh3 Ng7 39. Kf4
Ne6+ 40. Kxf5 Nd4+ 41. Kf6 Nxb5 42. Be6+ Kf8 43. g6 1-0

[Event "29.Schlosspark-Open"]
[Site "Wiesbaden-Biebrich"]
[Date "2017.08.25"]
[Round "2.31"]
[White "Fröhlich-Dill, Astrid"]
[Black "Köllner, Christof"]
[Result "0-1"]
[WhiteElo "1891"]
[BlackElo "2105"]
[PlyCount "80"]
[EventDate "2017.??.??"]
[WhiteTeam "SV Hofheim"]
[BlackTeam "SV Bergneustadt/Derschlag"]

1. d4 d6 2. e4 Nf6 3. f3 e5 4. c3 Be7 5. Bd3 Nh5 6. Ne2 Bg5 7. O-O Bxc1 8. Qxc1
O-O 9. g4 Nf6 10. Ng3 h6 11. Qd2 Nh7 12. Qg2 Qg5 13. Bc4 Nc6 14. d5 Ne7 15. Qd2
Qh4 16. Nf5 Nxf5 17. exf5 Bxf5 18. Bd3 Bxd3 19. Qxd3 Ng5 20. Qc2 e4 21. Nd2
exf3 22. Qf5 Nh3+ 23. Kh1 Nf2+ 24. Kg1 Qxg4+ 25. Qxg4 Nxg4 26. Rxf3 Rae8 27.
Nc4 Ne5 28. Rf4 g5 29. Nxe5 Rxe5 30. Rc4 Rc8 31. Rb4 b6 32. Rd4 Rce8 33. Rf1 f5
34. Rf2 f4 35. h4 Kg7 36. Kg2 Kg6 37. hxg5 hxg5 38. c4 Re4 39. Rfd2 Kf5 40. b3
Rxd4 0-1

[Event "29.Schlosspark-Open"]
[Site "Wiesbaden-Biebrich"]
[Date "2017.08.25"]
[Round "2.32"]
[White "Bauer, Claus"]
[Black "Büse, Ralf"]
[Result "1/2-1/2"]
[WhiteElo "2102"]
[BlackElo "1896"]
[PlyCount "44"]
[EventDate "2017.??.??"]
[WhiteTeam "SF Mainz"]
[BlackTeam "SC Ladja Roßdorf"]

1. d4 e6 2. Nf3 f5 3. d5 Nf6 4. dxe6 dxe6 5. Qxd8+ Kxd8 6. Nc3 Bb4 7. Bd2 a6 8.
O-O-O Ke7 9. h3 Nc6 10. Rg1 Bc5 11. Be1 h5 12. e3 Rf8 13. Ng5 Rd8 14. Rxd8 Nxd8
15. g3 Bd7 16. Bd3 Nf7 17. Nxf7 Kxf7 18. e4 Rh8 19. e5 Ng8 20. Nd1 Ne7 21. h4
Bc6 22. Bd2 Bf3 1/2-1/2

[Event "29.Schlosspark-Open"]
[Site "Wiesbaden-Biebrich"]
[Date "2017.08.25"]
[Round "2.33"]
[White "Reinisch, Markus"]
[Black "Stork, Oliver"]
[Result "0-1"]
[WhiteElo "1727"]
[BlackElo "2093"]
[PlyCount "116"]
[EventDate "2017.??.??"]
[WhiteTeam "Wiesbadener SV"]
[BlackTeam "SV Oberursel"]

1. d4 d5 2. c4 e6 3. Nc3 Be7 4. Nf3 Nf6 5. cxd5 exd5 6. Bg5 O-O 7. e3 c6 8. Bd3
Nbd7 9. Qc2 Re8 10. O-O Nf8 11. Rae1 Ne4 12. Bf4 f5 13. Ne5 Ng6 14. Nxg6 hxg6
15. f3 Nf6 16. Qf2 Be6 17. Kh1 Rc8 18. Be5 c5 19. Ne2 cxd4 20. Bxd4 Qc7 21. Rc1
Qb8 22. Nf4 Bf7 23. Bb5 Red8 24. Nd3 a6 25. Ba4 Bd6 26. Bb6 Rxc1 27. Rxc1 Rc8
28. Rxc8+ Qxc8 29. Qc2 Qc4 30. Qxc4 dxc4 31. Nc5 Nd5 32. Ba7 b5 33. Nb7 Be5 34.
Bc2 Bxb2 35. e4 Nb4 36. Bb1 c3 37. exf5 gxf5 38. Bd4 c2 39. Bxc2 Bxd4 40. Bxf5
Nxa2 41. Nd6 Nc1 42. Bc8 Nd3 43. Nxf7 Kxf7 44. Bxa6 Nf2+ 45. Kg1 Ne4+ 46. Kf1
Nd6 47. Ke2 Ke6 48. Kd3 Kd5 49. g4 Be5 50. h4 Bf4 51. h5 Kc5 52. Kc3 Kb6 53.
Bxb5 Kxb5 54. Kd4 Kc6 55. g5 Bxg5 56. Ke5 Kd7 57. f4 Bh6 58. f5 Ke7 0-1

[Event "29.Schlosspark-Open"]
[Site "Wiesbaden-Biebrich"]
[Date "2017.08.25"]
[Round "2.34"]
[White "Bader, Dominic"]
[Black "Modric, Vladimir"]
[Result "1/2-1/2"]
[WhiteElo "2087"]
[BlackElo "1894"]
[PlyCount "34"]
[EventDate "2017.??.??"]
[WhiteTeam "SG Büchenbach/Roth"]
[BlackTeam "SC Nied"]

1. d4 b6 2. Nf3 Bb7 3. b3 e6 4. Bb2 f5 5. e3 Nf6 6. Bd3 Be7 7. c4 O-O 8. Nbd2
Ne4 9. Qc2 d5 10. O-O Nd7 11. Rac1 Rc8 12. Ne5 Nxe5 13. dxe5 Nxd2 14. Qxd2 dxc4
15. Rxc4 c5 16. Rd1 Qd5 17. Bf1 Qxd2 1/2-1/2

[Event "29.Schlosspark-Open"]
[Site "Wiesbaden-Biebrich"]
[Date "2017.08.25"]
[Round "2.35"]
[White "Neurohr, Jürgen"]
[Black "Hassemeier, Mika"]
[Result "1-0"]
[WhiteElo "2073"]
[BlackElo "1888"]
[PlyCount "81"]
[EventDate "2017.??.??"]
[WhiteTeam "SF Mainz"]
[BlackTeam "FVS ASP Hoyerswerda"]

1. d4 Nf6 2. c4 g6 3. Nc3 Bg7 4. Nf3 O-O 5. e4 d6 6. Be2 e5 7. Be3 Nc6 8. d5
Ne7 9. Nd2 Nd7 10. O-O f5 11. f3 f4 12. Bf2 g5 13. b4 Nf6 14. c5 Ng6 15. cxd6
cxd6 16. Nc4 Rf7 17. Nb5 Bf8 18. Nxa7 g4 19. Nxc8 Rxc8 20. a4 Rxc4 21. Bxc4 g3
22. hxg3 fxg3 23. Bxg3 Nh5 24. Bh2 Ngf4 25. Qe1 Rg7 26. Ra2 Qg5 27. g4 Nh3+ 28.
Kh1 N5f4 29. Bxf4 Nxf4 30. Rh2 Be7 31. a5 h5 32. Rg1 h4 33. Qf2 Bd8 34. Ra1 Rc7
35. Qf1 h3 36. Rc2 Ng2 37. Qe2 Qf4 38. Bb3 Rf7 39. Rc8 Rf8 40. b5 Qg3 41. a6
1-0

[Event "29.Schlosspark-Open"]
[Site "Wiesbaden-Biebrich"]
[Date "2017.08.25"]
[Round "2.36"]
[White "Knödler, Marcel"]
[Black "Biegler, Markus"]
[Result "1/2-1/2"]
[WhiteElo "1581"]
[BlackElo "2071"]
[PlyCount "27"]
[EventDate "2017.??.??"]
[WhiteTeam "FC Bierstadt"]
[BlackTeam "SC Illingen"]

1. c4 e6 2. g3 f5 3. e3 Nf6 4. Bg2 Be7 5. Ne2 O-O 6. a3 d6 7. Nbc3 c6 8. O-O
Qe8 9. d4 e5 10. f4 e4 11. d5 c5 12. Bd2 b6 13. b4 Ba6 14. b5 1/2-1/2

[Event "29.Schlosspark-Open"]
[Site "Wiesbaden-Biebrich"]
[Date "2017.08.25"]
[Round "2.37"]
[White "Bischoff, Ulrich"]
[Black "Brechlin, Olaf"]
[Result "1-0"]
[WhiteElo "2071"]
[BlackElo "1879"]
[PlyCount "65"]
[EventDate "2017.??.??"]
[WhiteTeam "Sfr. Erbach"]
[BlackTeam "FVS ASP Hoyerswerda"]

1. d4 d5 2. c4 Nc6 3. cxd5 Qxd5 4. e3 e5 5. Nc3 Bb4 6. Bd2 Bxc3 7. bxc3 exd4 8.
cxd4 Nf6 9. f3 O-O 10. Bd3 Bf5 11. Bxf5 Qxf5 12. Qb1 Qg5 13. g3 Rfe8 14. Ne2 b6
15. e4 Qh5 16. Kf2 Qh3 17. Be3 Na5 18. Qc2 Rac8 19. Rac1 b5 20. Nf4 Qd7 21. Qc5
Rxe4 22. Qxa7 Rxe3 23. Kxe3 Nc4+ 24. Kf2 g5 25. Nd3 g4 26. Rhe1 gxf3 27. Qc5
Qg4 28. Nf4 c6 29. Rc2 Nd5 30. Nxd5 cxd5 31. Qxd5 Qg6 32. Qe4 Qh6 33. Qg4+ 1-0

[Event "29.Schlosspark-Open"]
[Site "Wiesbaden-Biebrich"]
[Date "2017.08.25"]
[Round "2.38"]
[White "Bährle, Julius"]
[Black "Malzahn, Sven"]
[Result "0-1"]
[WhiteElo "757"]
[BlackElo "2052"]
[PlyCount "64"]
[EventDate "2017.??.??"]
[WhiteTeam "FC Bierstadt"]
[BlackTeam "TuS Dotzheim"]

1. c4 e5 2. Nf3 e4 3. Nd4 Nc6 4. Nxc6 bxc6 5. Qc2 Nf6 6. e3 c5 7. Nc3 Bb7 8. b3
Be7 9. Be2 O-O 10. O-O Re8 11. Bb2 Bf8 12. Nb5 Re6 13. Qc3 a6 14. Na3 d5 15.
Rad1 d4 16. exd4 cxd4 17. Qxd4 Qxd4 18. Bxd4 Bxa3 19. Bc3 Bd6 20. Rfe1 Rae8 21.
b4 Be5 22. Bxe5 Rxe5 23. c5 Rd5 24. a3 Red8 25. h3 Rxd2 26. Rxd2 Rxd2 27. Rf1
Rxe2 28. a4 Bc6 29. a5 e3 30. fxe3 Rxg2+ 31. Kh1 Nh5 32. Rg1 Ng3# 0-1

[Event "29.Schlosspark-Open"]
[Site "Wiesbaden-Biebrich"]
[Date "2017.08.25"]
[Round "2.39"]
[White "Frey, Thomas"]
[Black "John, Volkmar"]
[Result "1/2-1/2"]
[WhiteElo "2050"]
[BlackElo "1852"]
[PlyCount "63"]
[EventDate "2017.??.??"]
[WhiteTeam "SV Reutlingen"]
[BlackTeam "SK Herborn"]

1. c4 c5 2. g3 Nc6 3. Bg2 g6 4. Nc3 Bg7 5. d3 e6 6. e4 Nge7 7. Nge2 O-O 8. O-O
b6 9. Bf4 d6 10. Qd2 Re8 11. Bh6 Bh8 12. Kh1 Bb7 13. g4 Qd7 14. f4 f5 15. gxf5
exf5 16. Nd5 Nxd5 17. cxd5 Nd4 18. Rae1 Bf6 19. Nxd4 Bxd4 20. Rf3 Qf7 21. Rg3
Kh8 22. Re2 Re7 23. Bf3 Rae8 24. h4 Bc8 25. Bg5 Bf6 26. h5 Rg8 27. Rh2 Bxg5 28.
Rxg5 Qf6 29. Qc3 Qxc3 30. bxc3 gxh5 31. Rhxh5 Rxg5 32. Rxg5 1/2-1/2

[Event "29.Schlosspark-Open"]
[Site "Wiesbaden-Biebrich"]
[Date "2017.08.25"]
[Round "2.40"]
[White "Boidman, Yuri"]
[Black "Lanz, Udo"]
[Result "1-0"]
[WhiteElo "2319"]
[BlackElo "1762"]
[PlyCount "25"]
[EventDate "2017.??.??"]
[WhiteTeam "SC Heimbach-Weis"]
[BlackTeam "VSG Offenbach"]

1. e4 c5 2. Nf3 g6 3. d4 cxd4 4. Qxd4 Nf6 5. e5 Nc6 6. Qa4 Nd5 7. Qe4 Nc7 8.
Nc3 Bg7 9. Bf4 a6 10. O-O-O b5 11. h4 h5 12. Ng5 Bb7 13. e6 1-0

[Event "29.Schlosspark-Open"]
[Site "Wiesbaden-Biebrich"]
[Date "2017.08.25"]
[Round "2.41"]
[White "Kammerer, Utz"]
[Black "Nagel, Bernhard"]
[Result "0-1"]
[WhiteElo "1707"]
[BlackElo "2212"]
[PlyCount "60"]
[EventDate "2017.??.??"]
[WhiteTeam "Heilbronner SV"]
[BlackTeam "Kölner SK Dr. Lasker"]

1. e4 e5 2. Bc4 Nf6 3. Nc3 Nc6 4. d3 Na5 5. Bb3 Bc5 6. Nf3 Nxb3 7. axb3 d6 8.
Na4 Qe7 9. Nxc5 dxc5 10. h3 h6 11. Be3 b6 12. Qd2 a5 13. Qc3 Nd7 14. Nd2 g5 15.
f3 Ba6 16. Bf2 Qe6 17. Nf1 O-O-O 18. Ne3 Nb8 19. O-O Nc6 20. Nf5 h5 21. Qd2 f6
22. Ra3 Rh7 23. Rfa1 Bb7 24. Qc3 g4 25. fxg4 hxg4 26. h4 g3 27. Bxg3 Nd4 28.
Nxd4 cxd4 29. Qe1 Rg8 30. Kh2 Rhg7 0-1

[Event "29.Schlosspark-Open"]
[Site "Wiesbaden-Biebrich"]
[Date "2017.08.25"]
[Round "2.42"]
[White "Chandler, Patrick"]
[Black "Deppe, Leo Max"]
[Result "1-0"]
[WhiteElo "2211"]
[BlackElo "1846"]
[PlyCount "113"]
[EventDate "2017.??.??"]
[WhiteTeam "SC Nied"]
[BlackTeam "SC Bad Soden"]

1. d4 Nf6 2. Nf3 e6 3. Bf4 b6 4. e3 Bb7 5. h3 Be7 6. Nbd2 O-O 7. Bd3 d6 8. e4
c5 9. c3 Nbd7 10. Bh2 Re8 11. O-O Nf8 12. Qe2 Ng6 13. Rfd1 Rc8 14. Bb5 Bc6 15.
a4 a5 16. dxc5 bxc5 17. e5 Nd5 18. Bxc6 Rxc6 19. Nc4 dxe5 20. Nfxe5 Nxe5 21.
Bxe5 Qa8 22. Qg4 Bf6 23. Bg3 Rd8 24. Na3 Qb7 25. Nb5 Qe7 26. c4 Nb4 27. Rxd8+
Qxd8 28. Rd1 Qe7 29. Bd6 Qe8 30. b3 Nc2 31. Bc7 Nd4 32. Bxa5 Nxb3 33. Be1 Qa8
34. Rd3 Nd4 35. Qd1 e5 36. Nc3 Qa6 37. Nb5 Bd8 38. a5 Rg6 39. Kh1 Qc6 40. f3
Qa8 41. Qa4 Kf8 42. Ra3 Ra6 43. Re3 f6 44. Ra3 Nc6 45. Nd6 Bc7 46. Ne4 Bb6 47.
Qb5 Nd4 48. Qb1 Ba7 49. Ra2 f5 50. Nc3 Nxf3 51. Qxf5+ Rf6 52. Qxh7 Rh6 53. Qf5+
Rf6 54. Qb1 Ng5 55. Bh4 Nxh3 56. Bxf6 gxf6 57. Qf5 1-0

[Event "29.Schlosspark-Open"]
[Site "Wiesbaden-Biebrich"]
[Date "2017.08.25"]
[Round "2.43"]
[White "Köllner, Ruben Gideon"]
[Black "Sefeloge, Michael"]
[Result "1-0"]
[WhiteElo "2176"]
[BlackElo "1797"]
[PlyCount "55"]
[EventDate "2017.??.??"]
[WhiteTeam "SG Bochum"]
[BlackTeam "SV Lahnstein"]

1. d4 d5 2. Nc3 e6 3. Bf4 Bb4 4. e3 Nf6 5. Bd3 Nbd7 6. a3 Bxc3+ 7. bxc3 O-O 8.
Nf3 Re8 9. c4 dxc4 10. Bxc4 Nb6 11. Bd3 Nfd5 12. Bg3 Nc3 13. Bxh7+ Kh8 14. Qd3
Nba4 15. Bh4 Qd5 16. Ne5 f5 17. Bg6 Qxg2 18. Rf1 Rf8 19. Be7 Rf6 20. Be8 c6 21.
Bxf6 gxf6 22. Ng6+ Kh7 23. Qc4 b6 24. Bxc6 Ba6 25. Bxg2 Bxc4 26. Bxa8 Bxf1 27.
Kxf1 Kxg6 28. Ke1 1-0

[Event "29.Schlosspark-Open"]
[Site "Wiesbaden-Biebrich"]
[Date "2017.08.25"]
[Round "2.44"]
[White "Houtsma, Sybrand"]
[Black "Held, Carsten"]
[Result "0-1"]
[WhiteElo "1798"]
[BlackElo "2063"]
[PlyCount "68"]
[EventDate "2017.??.??"]
[WhiteTeam "SC Assen"]
[BlackTeam "SC Ladja Roßdorf"]

1. Nc3 g6 2. Nf3 Bg7 3. e4 c5 4. Bc4 Nc6 5. O-O e6 6. a3 Nge7 7. Qe2 d6 8. d3
O-O 9. Bg5 a6 10. Nd1 b5 11. Ba2 Bb7 12. c3 a5 13. a4 b4 14. Bc4 Qc7 15. Qd2
Na7 16. Bh6 d5 17. Bxg7 Kxg7 18. exd5 Nxd5 19. d4 bxc3 20. bxc3 Nf4 21. Ne3
Bxf3 22. gxf3 Rfd8 23. d5 Nc6 24. Rad1 Ne5 25. Nf5+ exf5 26. Qxf4 f6 27. Rfe1
g5 28. d6 Rxd6 29. Qxf5 Nxc4 30. Qe4 Rad8 31. Rb1 Qf7 32. Rb5 Rd3 33. Rb7 R8d7
34. Qc6 Rxb7 0-1

[Event "29.Schlosspark-Open"]
[Site "Wiesbaden-Biebrich"]
[Date "2017.08.25"]
[Round "2.45"]
[White "Eveleens, Wim"]
[Black "Ehmann, Johanna"]
[Result "1/2-1/2"]
[WhiteElo "2059"]
[BlackElo "1767"]
[PlyCount "61"]
[EventDate "2017.??.??"]
[WhiteTeam "Santpoort"]
[BlackTeam "SF Sasbach"]

1. c4 c5 2. g3 Nf6 3. Bg2 d5 4. cxd5 Nxd5 5. Nc3 Nc7 6. Qb3 Nc6 7. Bxc6+ bxc6
8. Qa4 Bd7 9. Nf3 Nd5 10. Ne5 Qc7 11. Nxd7 Qxd7 12. d3 e5 13. Bd2 Be7 14. Rc1
O-O 15. Ne4 Rab8 16. b3 Nb6 17. Qa5 Qd5 18. O-O Nd7 19. Qa4 f5 20. Nc3 Qd6 21.
Qc4+ Kh8 22. Na4 f4 23. f3 fxg3 24. hxg3 e4 25. Kg2 exf3+ 26. exf3 Ne5 27. Qxc5
Qxd3 28. Qe3 Rbd8 29. Qxd3 Rxd3 30. Bf4 Ng6 31. Rxc6 1/2-1/2

[Event "29.Schlosspark-Open"]
[Site "Wiesbaden-Biebrich"]
[Date "2017.08.25"]
[Round "2.46"]
[White "Waffenschmidt, Joachim"]
[Black "Niedenthal, Robert"]
[Result "1/2-1/2"]
[WhiteElo "2015"]
[BlackElo "1707"]
[PlyCount "69"]
[EventDate "2017.??.??"]
[WhiteTeam "SC Brett vorm Kopp"]
[BlackTeam "SV Hofheim"]

1. d4 Nf6 2. c4 c5 3. d5 b5 4. cxb5 e6 5. Nc3 exd5 6. Nxd5 Bb7 7. e4 d6 8. Bc4
Nbd7 9. Nf3 Be7 10. O-O O-O 11. Re1 Re8 12. Bf4 Bf8 13. Qc2 Nxd5 14. Bxd5 Bxd5
15. exd5 Nf6 16. Qc4 h6 17. h3 Qb6 18. a4 a6 19. Rxe8 Nxe8 20. bxa6 Rxa6 21. b3
Ra8 22. Bd2 Nc7 23. Nh4 Qb7 24. Qg4 Qxd5 25. Rd1 Qxb3 26. a5 h5 27. Qxh5 Ne6
28. Re1 Qd3 29. Nf3 Nd4 30. Ng5 Qg6 31. Qd1 Qc2 32. Qh5 Qg6 33. Qd1 Qc2 34. Qh5
Qg6 35. Qd1 1/2-1/2

[Event "29.Schlosspark-Open"]
[Site "Wiesbaden-Biebrich"]
[Date "2017.08.25"]
[Round "2.47"]
[White "Wolf, Andreas"]
[Black "Salecker, Phil"]
[Result "1-0"]
[WhiteElo "1993"]
[BlackElo "1673"]
[PlyCount "65"]
[EventDate "2017.??.??"]
[WhiteTeam "FVS ASP Hoyerswerda"]
[BlackTeam "SC FK Babenhausen"]

1. d4 d5 2. Nf3 Nf6 3. c4 c6 4. Nc3 e6 5. e3 Bd6 6. Qc2 dxc4 7. Bxc4 O-O 8. O-O
Nbd7 9. Rd1 Nb6 10. Be2 Qc7 11. h3 Nbd5 12. e4 Nxc3 13. bxc3 Be7 14. e5 Nd5 15.
c4 Nb6 16. Qe4 Rd8 17. Bd3 g6 18. Bg5 Bxg5 19. Nxg5 Kg7 20. Qh4 Rh8 21. Ne4 Qd8
22. Qf4 Nd7 23. Be2 Qe7 24. Rd3 f6 25. exf6+ Nxf6 26. Qe5 Rf8 27. Rf3 h6 28. h4
h5 29. Rb1 b6 30. Rbb3 Bb7 31. Rf4 Rf7 32. Ng5 Raf8 33. Nxe6+ 1-0

[Event "29.Schlosspark-Open"]
[Site "Wiesbaden-Biebrich"]
[Date "2017.08.25"]
[Round "2.48"]
[White "Junker, Christian"]
[Black "Wehr, Jan"]
[Result "1-0"]
[WhiteElo "1959"]
[BlackElo "1662"]
[PlyCount "63"]
[EventDate "2017.??.??"]
[WhiteTeam "SV Neu-Isenburg"]
[BlackTeam "Krefelder SK Turm"]

1. Nf3 Nf6 2. g3 b6 3. d3 Bb7 4. Bg2 c5 5. O-O e6 6. e4 d5 7. e5 Nfd7 8. Re1
Nc6 9. Bf4 Be7 10. h4 Qc7 11. c3 h6 12. h5 O-O-O 13. Bh3 Rdg8 14. d4 g5 15.
hxg6 Rxg6 16. Qd2 Qd8 17. a3 Bg5 18. b4 c4 19. a4 Ne7 20. a5 b5 21. a6 Bc6 22.
Ra5 Nf5 23. Bxf5 exf5 24. Na3 Bxf4 25. Qxf4 Rhg8 26. Nxb5 Bxb5 27. Rxb5 Rxa6
28. Rxd5 Qe7 29. Qxf5 Re6 30. Ra5 a6 31. d5 Rb6 32. Re4 1-0

[Event "29.Schlosspark-Open"]
[Site "Wiesbaden-Biebrich"]
[Date "2017.08.25"]
[Round "2.49"]
[White "Schindelmeiser, Frank"]
[Black "Wachsmann, Elmar"]
[Result "1-0"]
[WhiteElo "1955"]
[BlackElo "1604"]
[PlyCount "99"]
[EventDate "2017.??.??"]
[WhiteTeam "SV Oberursel"]
[BlackTeam "SC Groß-Umstadt"]

1. c4 Nf6 2. g3 e6 3. Bg2 d5 4. Nf3 Be7 5. O-O O-O 6. b3 b6 7. cxd5 Nxd5 8. Bb2
Bb7 9. Na3 Nd7 10. Nc4 c5 11. Rc1 Rc8 12. a3 Bf6 13. Qc2 Qe7 14. e4 Bxb2 15.
Qxb2 N5f6 16. e5 Nd5 17. Nd6 Rb8 18. Nxb7 Rxb7 19. Nh4 Rbb8 20. f4 g5 21. Nf5
Qd8 22. Bxd5 exd5 23. e6 Qf6 24. Qxf6 Nxf6 25. Nh6+ Kg7 26. e7 Rfe8 27. fxg5
Ng8 28. Rxf7+ Kg6 29. Rcf1 Rxe7 30. Rxe7 Nxe7 31. h4 Ng8 32. Ng4 Re8 33. Ne3 d4
34. Nd5 Kg7 35. Kf2 Re5 36. Nf4 Re7 37. Kf3 Re8 38. Nd5 Re5 39. Nf4 Re8 40. Kf2
Kf7 41. Rc1 Rc8 42. d3 Ne7 43. g4 Nc6 44. Re1 Rg8 45. Re6 Ne7 46. Rf6+ Ke8 47.
Rh6 Rg7 48. Nh5 Rf7+ 49. Nf6+ Kf8 50. Rxh7 1-0

[Event "29.Schlosspark-Open"]
[Site "Wiesbaden-Biebrich"]
[Date "2017.08.25"]
[Round "2.50"]
[White "Stork, Christopher"]
[Black "Berberich, Christoph"]
[Result "0-1"]
[WhiteElo "1569"]
[BlackElo "1948"]
[PlyCount "124"]
[EventDate "2017.??.??"]
[WhiteTeam "SV Oberursel"]
[BlackTeam "SGEM Dreisamtal"]

1. e4 c5 2. Nf3 Nc6 3. d4 cxd4 4. Nxd4 e5 5. Nb3 Nf6 6. Bg5 Bb4+ 7. c3 Be7 8.
Bxf6 Bxf6 9. Bc4 O-O 10. O-O a5 11. a4 d6 12. N1d2 Be6 13. Bd5 Ne7 14. c4 Bxd5
15. cxd5 Qb6 16. Nc4 Qb4 17. Qd3 Rfc8 18. Rfc1 Bg5 19. Rc2 Rc7 20. Na3 Rac8 21.
Rxc7 Rxc7 22. Qb5 g6 23. Qxb4 axb4 24. Nb5 Rd7 25. Na5 f5 26. f3 Be3+ 27. Kf1
Nc8 28. Nc4 Bc5 29. Ke2 Nb6 30. Nxb6 Bxb6 31. a5 Bc5 32. a6 bxa6 33. Rxa6 fxe4
34. fxe4 Rf7 35. Nxd6 Rf2+ 36. Kd3 Rxb2 37. Nc4 Rb3+ 38. Kd2 Rc3 39. Nxe5 Ra3
40. Rxa3 bxa3 41. Kc2 a2 42. Kb2 a1=Q+ 43. Kxa1 Bd4+ 44. Ka2 Bxe5 45. g3 Kf7
46. Kb3 Ke7 47. Kb4 Kd6 48. Kc4 Bf6 49. Kb5 Bd4 50. Kc4 Bg1 51. h3 Bf2 52. g4
Ke5 53. Kd3 h6 54. Ke2 Bh4 55. Kf3 Bg5 56. Kg3 Kxe4 57. d6 Bf4+ 58. Kf2 Bxd6
59. Ke2 Kf4 60. Kf2 Kg5 61. Kf3 Kh4 62. Ke4 Kxh3 0-1

[Event "29.Schlosspark-Open"]
[Site "Wiesbaden-Biebrich"]
[Date "2017.08.25"]
[Round "2.51"]
[White "Denninger, David"]
[Black "Muckle, Richard"]
[Result "0-1"]
[WhiteElo "1585"]
[BlackElo "1936"]
[PlyCount "46"]
[EventDate "2017.??.??"]
[WhiteTeam "SC JÃ„KLECHEMIE"]
[BlackTeam "SK Ludwigshafen"]

1. e4 e6 2. d4 d5 3. e5 c5 4. c3 Nc6 5. Be3 Nge7 6. Bd3 Bd7 7. f4 cxd4 8. cxd4
Qb6 9. Ne2 Nb4 10. Nbc3 Nxd3+ 11. Qxd3 Nf5 12. Bc1 Be7 13. O-O h5 14. Rf3 Bb4
15. Rh3 Bxc3 16. bxc3 Bb5 17. Qc2 Bxe2 18. Rb1 Qa6 19. Ba3 Bg4 20. Rd3 Qxa3 21.
Rxb7 h4 22. c4 Qa6 23. Qb2 O-O 0-1

[Event "29.Schlosspark-Open"]
[Site "Wiesbaden-Biebrich"]
[Date "2017.08.25"]
[Round "2.52"]
[White "Lehnert, Michael"]
[Black "Hamwi, Mustafa"]
[Result "1-0"]
[WhiteElo "1918"]
[BlackElo "1219"]
[PlyCount "83"]
[EventDate "2017.??.??"]
[WhiteTeam "SV Hofheim"]
[BlackTeam "SV Rüsselsheim"]

1. Nf3 Nf6 2. b3 c5 3. Bb2 e6 4. e3 Nc6 5. c4 d5 6. cxd5 exd5 7. Bb5 Bd7 8. O-O
a6 9. Bxc6 Bxc6 10. d4 Be7 11. Ne5 O-O 12. Nxc6 bxc6 13. dxc5 Bxc5 14. Qc2 Qb6
15. Rc1 Ne4 16. Kh1 Bxe3 17. fxe3 Qxe3 18. Rf1 d4 19. Bc1 d3 20. Bxe3 dxc2 21.
Na3 Rfe8 22. Nxc2 Rab8 23. g3 Rb5 24. Bg1 Rh5 25. Kg2 Nc3 26. Rae1 Rhe5 27.
Rxe5 Rxe5 28. Ne3 Nd5 29. Nxd5 cxd5 30. Kf3 f6 31. Rc1 Kf7 32. Rc7+ Re7 33.
Rxe7+ Kxe7 34. b4 Ke6 35. Bd4 Kd6 36. a4 Kc6 37. Kf4 Kd7 38. Kf5 Ke7 39. Bc5+
Kf7 40. b5 g6+ 41. Kf4 axb5 42. a5 1-0